[Event "WchT Seniors 65"]
[Site "Struga"]
[Date "2023.09.22"]
[Round "4.1"]
[White "Miltner, Arndt"]
[Black "Gruenfeld, Yehuda"]
[Result "1/2-1/2"]
[WhiteElo "2253"]
[BlackElo "2388"]
[PlyCount "55"]
[EventDate "2023.09.19"]
[EventType "team-swiss"]
[EventRounds "9"]
[EventCountry "MKD"]
[SourceTitle "EXT 2024"]
[Source "ChessBase"]
[SourceDate "2023.10.10"]
[SourceVersion "1"]
[SourceVersionDate "2023.10.10"]
[SourceQuality "1"]
[WhiteTeam "Germany 65"]
[BlackTeam "Israel 65"]
[WhiteTeamCountry "GER"]
[BlackTeamCountry "ISR"]

1. b4 d5 2. e3 Nf6 3. Bb2 e6 4. b5 Bd6 5. Nf3 Nbd7 6. c4 Qe7 7. cxd5 exd5 8. Nc3 Nc5 9. Be2 0-0 10. 0-0 Bg4 11. Na4 Ncd7 12. Rc1 Rfe8 13. Nd4 Bxe2 14. Qxe2 g6 15. f4 a6 16. Nc3 Nb6 17. Ba1 Ba3 18. Rc2 Bc5 19. Nb3 Bd6 20. Qf3 Ne4 21. Nd4 Nxc3 22. Bxc3 Qd7 23. bxa6 Rxa6 24. Qg3 Nc4 25. Nf3 Qf5 26. Nd4 Qd7 27. Nf3 Qf5 28. Nd4 1/2-1/2

[Event "Jerusalem Summer"]
[Site "Jerusalem"]
[Date "2023.08.28"]
[Round "6"]
[White "Tzidkiya, Yeshaayahu"]
[Black "Gruenfeld, Yehuda"]
[Result "1/2-1/2"]
[WhiteElo "2445"]
[BlackElo "2388"]
[PlyCount "113"]
[EventDate "2023.08.23"]
[EventType "tourn"]
[EventRounds "9"]
[EventCountry "ISR"]
[EventCategory "7"]
[SourceTitle "EXT 2024"]
[Source "ChessBase"]
[SourceDate "2023.10.10"]
[SourceVersion "1"]
[SourceVersionDate "2023.10.10"]
[SourceQuality "1"]

1. e4 c5 2. Nf3 d6 3. d4 cxd4 4. Nxd4 Nf6 5. Nc3 a6 6. Bg5 e6 7. f4 Be7 8. Qf3 Qc7 9. 0-0-0 Nbd7 10. Bd3 h6 11. Bh4 g5 12. fxg5 Ne5 13. Qe2 Nfg4 14. Nf3 hxg5 15. Bxg5 Bxg5+ 16. Nxg5 Qc5 17. Nh3 Bd7 18. Qd2 0-0-0 19. Be2 Ne3 20. Qxd6 Qxd6 21. Rxd6 Nxg2 22. Nf2 Nf4 23. Rdd1 Rh4 24. h3 Nxe2+ 25. Nxe2 Bc6 26. Nd4 Bxe4 27. Nxe6 fxe6 28. Rxd8+ Kxd8 29. Re1 Bf5 30. Rxe5 Rf4 31. Nd3 Rf3 32. Nc5 Kc7 33. Re2 Rxh3 34. Nxe6+ Bxe6 35. Rxe6 Rh2 36. a4 Rg2 37. a5 Rh2 38. b4 Rh4 39. c3 Rh2 40. Kd1 Rg2 41. Re2 Rg6 42. Kc2 Kc6 43. Kb3 Rh6 44. Re4 Rg6 45. Ka4 Rh6 46. Rc4+ Kd7 47. b5 axb5+ 48. Kxb5 Rg6 49. Rc5 Rh6 50. c4 Rg6 51. Rh5 Kc7 52. c5 Rg1 53. Rh7+ Kb8 54. a6 Rb1+ 55. Kc4 Rc1+ 56. Kd5 Rd1+ 57. Ke4 1/2-1/2

[Event "Jerusalem Summer"]
[Site "Jerusalem"]
[Date "2023.08.26"]
[Round "4"]
[White "Rozen, Eytan"]
[Black "Gruenfeld, Yehuda"]
[Result "1/2-1/2"]
[WhiteElo "2433"]
[BlackElo "2388"]
[PlyCount "124"]
[EventDate "2023.08.23"]
[EventType "tourn"]
[EventRounds "9"]
[EventCountry "ISR"]
[EventCategory "7"]
[SourceTitle "EXT 2024"]
[Source "ChessBase"]
[SourceDate "2023.10.10"]
[SourceVersion "1"]
[SourceVersionDate "2023.10.10"]
[SourceQuality "1"]

1. e4 c5 2. Nf3 d6 3. d4 cxd4 4. Nxd4 Nf6 5. Nc3 a6 6. Bg5 e6 7. f4 Be7 8. Qf3 Qc7 9. 0-0-0 Nbd7 10. g4 b5 11. Bxf6 Nxf6 12. g5 Nd7 13. f5 Bxg5+ 14. Kb1 Ne5 15. Qh5 Qd8 16. h4 Bf6 17. fxe6 0-0 18. Bh3 Ra7 19. Nd5 fxe6 20. Bxe6+ Kh8 21. Rhf1 g6 22. Qe2 Bg7 23. h5 Rxf1 24. Rxf1 Qe8 25. Bxc8 Qxc8 26. hxg6 Nxg6 27. Nf5 Qe6 28. Nxg7 Rxg7 29. Qf2 Rb7 30. a3 Kg7 31. Ne3 Rf7 32. Nf5+ Kh8 33. Qd4+ Qe5 34. Rd1 Qxd4 35. Rxd4 Rd7 36. Nxd6 h5 37. Nxb5 Rf7 38. Rd5 Rf1+ 39. Ka2 Nf4 40. Rd8+ Kh7 41. Nd4 h4 42. Rd7+ Kh8 43. Rd6 h3 44. Nf5 Rf2 45. Rh6+ Kg8 46. e5 h2 47. Ne3 Kg7 48. Rh4 Ng6 49. Ng4 Nxh4 50. Nxf2 Nf3 51. e6 Ne5 52. e7 Kf7 53. Kb3 Kxe7 54. Kc3 Ke6 55. Kd2 Kf5 56. Ke2 Kf4 57. Nh1 Nc4 58. Kf2 Nxb2 59. Kg2 Nc4 60. Nf2 Nxa3 61. Nd3+ Ke3 62. Nc5 Nxc2 1/2-1/2

[Event "Jerusalem Summer"]
[Site "Jerusalem"]
[Date "2023.08.24"]
[Round "2"]
[White "Rozentalis, Eduardas"]
[Black "Gruenfeld, Yehuda"]
[Result "1/2-1/2"]
[WhiteElo "2490"]
[BlackElo "2388"]
[PlyCount "51"]
[EventDate "2023.08.23"]
[EventType "tourn"]
[EventRounds "9"]
[EventCountry "ISR"]
[EventCategory "7"]
[SourceTitle "EXT 2024"]
[Source "ChessBase"]
[SourceDate "2023.10.10"]
[SourceVersion "1"]
[SourceVersionDate "2023.10.10"]
[SourceQuality "1"]

1. e4 c5 2. Nf3 d6 3. Bb5+ Bd7 4. c4 Nf6 5. Nc3 Nc6 6. d4 cxd4 7. Nxd4 g6 8. f3 Nxd4 9. Bxd7+ Qxd7 10. Qxd4 Bg7 11. 0-0 0-0 12. Qd3 Rfc8 13. Be3 Qd8 14. Rac1 Nd7 15. b3 a6 16. Rf2 Qf8 17. h3 Rc6 18. Rfc2 e6 19. Ne2 Rd8 20. Bg5 Rdc8 21. Qd2 h6 22. Be3 h5 23. Nd4 R6c7 24. Ne2 Rc6 25. Nd4 R6c7 26. Ne2 1/2-1/2

[Event "ISR-chT"]
[Site "Israel"]
[Date "2023.02.10"]
[Round "7.6"]
[White "Zanan, Evgeny"]
[Black "Gruenfeld, Yehuda"]
[Result "1-0"]
[WhiteElo "2483"]
[BlackElo "2414"]
[PlyCount "85"]
[EventDate "2023.01.11"]
[EventType "team-tourn"]
[EventRounds "11"]
[EventCountry "ISR"]
[SourceTitle "EXT 2024"]
[Source "ChessBase"]
[SourceDate "2023.10.10"]
[SourceVersion "1"]
[SourceVersionDate "2023.10.10"]
[SourceQuality "1"]
[WhiteTeam "Rishon Le Zion"]
[BlackTeam "Ashdod II"]
[WhiteTeamCountry "ISR"]
[BlackTeamCountry "ISR"]

1. e4 c5 2. Nf3 d6 3. d4 cxd4 4. Nxd4 Nf6 5. Nc3 a6 6. Bg5 Nc6 7. Nxc6 bxc6 8. Bc4 Qa5 9. Qd2 e6 10. Bb3 Be7 11. 0-0 0-0 12. Nd5 Qd8 13. Nxe7+ Qxe7 14. Rad1 a5 15. Rfe1 a4 16. Bc4 h6 17. Bh4 Ba6 18. Bxa6 Rxa6 19. Qxd6 Qxd6 20. Rxd6 Rb8 21. Bxf6 gxf6 22. b3 axb3 23. axb3 Rba8 24. f3 c5 25. Rxa6 Rxa6 26. Re3 Kg7 27. Rc3 Ra5 28. Kf2 Kg6 29. Rc4 f5 30. Ke3 fxe4 31. Kxe4 Kf6 32. Kd3 Rb5 33. Rf4+ Kg6 34. Ra4 Rb7 35. Kc4 Rd7 36. c3 Rd2 37. Kxc5 Rxg2 38. Rg4+ Rxg4 39. fxg4 f5 40. gxf5+ Kxf5 41. b4 e5 42. b5 e4 43. Kd4 1-0

[Event "FIDE Disabilities Olym"]
[Site "Belgrade"]
[Date "2023.02.02"]
[Round "?"]
[White "Gruenfeld, Yehuda"]
[Black "Sarkar, Justin"]
[Result "1-0"]
[WhiteElo "2414"]
[BlackElo "2345"]
[PlyCount "93"]
[EventDate "2023.01.30"]
[EventType "team-swiss"]
[EventRounds "6"]
[EventCountry "SRB"]
[SourceTitle "CBM 212 Extra"]
[Source "ChessBase"]
[SourceDate "2023.03.31"]
[SourceVersion "1"]
[SourceVersionDate "2023.03.31"]
[SourceQuality "1"]
[WhiteTeam "Israel"]
[BlackTeam "FIDE"]
[WhiteTeamCountry "ISR"]

1. e4 e5 2. Nf3 Nc6 3. Bb5 a6 4. Ba4 Nf6 5. 0-0 Be7 6. Re1 b5 7. Bb3 d6 8. c3 0-0 9. h3 Na5 10. Bc2 c5 11. d4 Nd7 12. Nbd2 exd4 13. cxd4 Nc6 14. Nf1 cxd4 15. Nxd4 Nxd4 16. Qxd4 Ne5 17. Qd1 Be6 18. f4 Nc4 19. b3 Nb6 20. Bb2 Bh4 21. Re2 Bf6 22. Bd4 Rc8 23. Ne3 Rc6 24. Qd3 Bxd4 25. Qxd4 Qf6 26. Qxf6 gxf6 27. Rd1 Rd8 28. Rd4 Kf8 29. Kf2 a5 30. Red2 b4 31. Bd1 Ke7 32. Bf3 Rc5 33. h4 Bc8 34. h5 Be6 35. h6 Bc8 36. Bg4 Bxg4 37. Nxg4 f5 38. Ne3 fxe4 39. Rxe4+ Kf8 40. g4 d5 41. Re5 Rc6 42. Nf5 Rg6 43. Kf3 Rc8 44. g5 Rc3+ 45. Kg2 Re6 46. Rxe6 fxe6 47. g6 1-0

[Event "ISR-chT"]
[Site "Israel"]
[Date "2023.01.13"]
[Round "2.3"]
[White "Kupervaser, Erez"]
[Black "Gruenfeld, Yehuda"]
[Result "1/2-1/2"]
[WhiteElo "2293"]
[BlackElo "2414"]
[PlyCount "44"]
[EventDate "2023.01.11"]
[EventType "team-tourn"]
[EventRounds "11"]
[EventCountry "ISR"]
[SourceTitle "CBM 212 Extra"]
[Source "ChessBase"]
[SourceDate "2023.03.31"]
[SourceVersion "1"]
[SourceVersionDate "2023.03.31"]
[SourceQuality "1"]
[WhiteTeam "Haifa Nesher"]
[BlackTeam "Ashdod II"]
[WhiteTeamCountry "ISR"]
[BlackTeamCountry "ISR"]

1. e4 c5 2. Nf3 d6 3. d4 cxd4 4. Qxd4 a6 5. h3 Nc6 6. Qe3 Nf6 7. c4 e6 8. Be2 Be7 9. 0-0 0-0 10. Rd1 Qc7 11. Nc3 Re8 12. b3 Ne5 13. Nd4 Ng6 14. Bb2 b6 15. Rac1 Bb7 16. b4 Rac8 17. Nb3 Ba8 18. Na4 Nd7 19. g3 Qb7 20. Nd2 Bf8 21. Nc3 Qb8 22. Qd4 Bb7 1/2-1/2

[Event "Jesrusalem Maccabi"]
[Site "Jerusalem"]
[Date "2022.07.22"]
[Round "9"]
[White "Gruenfeld, Yehuda"]
[Black "Yarmonov, Igor"]
[Result "1-0"]
[WhiteElo "2418"]
[BlackElo "2372"]
[PlyCount "83"]
[EventDate "2022.07.13"]
[EventType "tourn"]
[EventRounds "9"]
[EventCountry "ISR"]
[EventCategory "10"]
[SourceTitle "CBM 209 Extra"]
[Source "ChessBase"]
[SourceDate "2022.09.30"]
[SourceVersion "1"]
[SourceVersionDate "2022.09.30"]
[SourceQuality "1"]

1. e4 c6 2. d4 d5 3. Nc3 dxe4 4. Nxe4 Bf5 5. Ng3 Bg6 6. h4 h6 7. Nf3 Nd7 8. h5 Bh7 9. Bd3 Bxd3 10. Qxd3 e6 11. Bf4 Qa5+ 12. Bd2 Qc7 13. 0-0-0 Ngf6 14. Qe2 0-0-0 15. Ne5 Nb6 16. Ba5 Bd6 17. Kb1 c5 18. c4 Kb8 19. dxc5 Bxc5 20. Nd3 Qc6 21. b3 Bd6 22. Ne5 Bxe5 23. Qxe5+ Ka8 24. f3 Rd7 25. Ne2 Rhd8 26. Nd4 Qc8 27. Rd2 Qb8 28. Qxb8+ Kxb8 29. Rhd1 e5 30. Nf5 Nxh5 31. Nd6 Rg8 32. c5 Nc8 33. Nc4 Re7 34. Rd7 Nf6 35. Bc7+ Ka8 36. Rxe7 Nxe7 37. Bxe5 Nfd5 38. Kb2 b6 39. c6 Rc8 40. c7 Nxc7 41. Rd7 Ned5 42. Bxc7 1-0

[Event "WchT Seniors 65"]
[Site "Acqui Terme"]
[Date "2022.06.27"]
[Round "7.2"]
[White "Knaak, Rainer"]
[Black "Gruenfeld, Yehuda"]
[Result "0-1"]
[WhiteElo "2479"]
[BlackElo "2423"]
[PlyCount "88"]
[EventDate "2022.06.20"]
[EventType "team-tourn"]
[EventRounds "9"]
[EventCountry "ITA"]
[SourceTitle "CBM 209 Extra"]
[Source "ChessBase"]
[SourceDate "2022.09.30"]
[SourceVersion "1"]
[SourceVersionDate "2022.09.30"]
[SourceQuality "1"]
[WhiteTeam "Germany 65"]
[BlackTeam "Israel 65"]
[WhiteTeamCountry "GER"]
[BlackTeamCountry "ISR"]

1. c4 Nf6 2. Nc3 c5 3. g3 g6 4. Bg2 Bg7 5. e4 Nc6 6. Nge2 d6 7. d3 a6 8. 0-0 0-0 9. h3 Rb8 10. f4 Nd7 11. a4 e6 12. g4 f5 13. g5 Nd4 14. Ng3 Re8 15. h4 Nf8 16. Be3 Bd7 17. Nce2 Bc6 18. Nxd4 cxd4 19. Bd2 a5 20. Qe1 Ra8 21. b3 Nd7 22. b4 axb4 23. Bxb4 Nc5 24. Bxc5 dxc5 25. Qf2 Qc7 26. a5 Rxa5 27. Rxa5 Qxa5 28. exf5 exf5 29. Bxc6 bxc6 30. Rd1 Bf8 31. Nf1 Bd6 32. Ng3 Qc7 33. Re1 Rxe1+ 34. Qxe1 Kf7 35. Qa1 Bxf4 36. Nf1 Qb6 37. Qa8 Bb8 38. Nd2 Qc7 39. Nf1 Ke7 40. Qa2 Kd7 41. Qf2 Qe5 42. Kg2 Bc7 43. Qf3 Ba5 44. Kh3 Qe1 0-1

[Event "WchT Seniors 65"]
[Site "Acqui Terme"]
[Date "2022.06.21"]
[Round "2.1"]
[White "Gruenfeld, Yehuda"]
[Black "Hardicsay, Peter"]
[Result "0-1"]
[WhiteElo "2423"]
[BlackElo "2192"]
[PlyCount "120"]
[EventDate "2022.06.20"]
[EventType "team-tourn"]
[EventRounds "9"]
[EventCountry "ITA"]
[SourceTitle "CBM 209 Extra"]
[Source "ChessBase"]
[SourceDate "2022.09.30"]
[SourceVersion "1"]
[SourceVersionDate "2022.09.30"]
[SourceQuality "1"]
[WhiteTeam "Israel 65"]
[BlackTeam "Hungary 65"]
[WhiteTeamCountry "ISR"]
[BlackTeamCountry "HUN"]

1. e4 e5 2. Nf3 Nc6 3. Bb5 a6 4. Ba4 Nf6 5. 0-0 Be7 6. Re1 b5 7. Bb3 d6 8. c3 0-0 9. h3 Nb8 10. d4 Nbd7 11. Nbd2 Bb7 12. Bc2 c5 13. d5 c4 14. Nf1 Qc7 15. Ng3 g6 16. Bh6 Rfb8 17. Qd2 Ne8 18. Ng5 Nc5 19. f4 f6 20. Nf3 Bc8 21. f5 Bf8 22. Be3 a5 23. a3 Nb3 24. Bxb3 cxb3 25. Qd1 a4 26. Nh4 g5 27. Nf3 Kh8 28. h4 h6 29. Kf2 Kg8 30. Rh1 Bg7 31. Nh5 Qf7 32. Nh2 Kf8 33. Qf3 b4 34. cxb4 Ba6 35. hxg5 hxg5 36. Ng4 Rc8 37. Nxg7 Qxg7 38. Rh6 Rc2+ 39. Kg3 Be2 40. Rah1 Bxf3 41. gxf3 Rac8 42. Rh8+ Qxh8 43. Rxh8+ Kg7 44. Rh6 Rxb2 45. Rg6+ Kf7 46. Nh6+ Kf8 47. Rg8+ Ke7 48. Rh8 Rcc2 49. Rh7+ Kd8 50. Ng4 Rg2+ 51. Kh3 Rbe2 52. Bb6+ Kc8 53. Re7 Rxg4 54. Kxg4 b2 55. Rxe8+ Kb7 56. Ba5 b1Q 57. Kh5 Qh1+ 58. Kg6 Rh2 59. Kf7 Qxf3 60. Ke6 Rh7 0-1

[Event "ISR-ch 40th"]
[Site "Jerusalem"]
[Date "2021.03.08"]
[Round "2"]
[White "Gruenfeld, Yehuda"]
[Black "Nabaty, Tamir"]
[Result "0-1"]
[WhiteElo "2412"]
[BlackElo "2638"]
[PlyCount "106"]
[EventDate "2021.03.07"]
[EventType "swiss"]
[EventRounds "9"]
[EventCountry "ISR"]
[SourceTitle "CBM 201 Extra"]
[Source "ChessBase"]
[SourceDate "2021.05.31"]
[SourceVersion "1"]
[SourceVersionDate "2021.05.31"]
[SourceQuality "1"]

1. e4 e5 2. Nf3 Nc6 3. Bb5 a6 4. Ba4 Be7 5. Bxc6 dxc6 6. d3 f6 7. h3 c5 8. Be3 Be6 9. Nbd2 Bd6 10. c3 Ne7 11. d4 cxd4 12. cxd4 exd4 13. Nxd4 Bf7 14. Qc2 c5 15. N4f3 Rc8 16. Nc4 b5 17. Nxd6+ Qxd6 18. 0-0 0-0 19. Rfd1 Qc7 20. Rac1 c4 21. Nd4 Ng6 22. Nf5 Be6 23. Nd4 Rfe8 24. Nxe6 Rxe6 25. Rd4 Rd6 26. Rxd6 Qxd6 27. Rd1 Qe6 28. Rd4 Ne5 29. Qd2 Nc6 30. Rd7 Qxe4 31. f3 Qf5 32. Bf4 Re8 33. Rd5 Qb1+ 34. Kh2 Qe1 35. Qxe1 Rxe1 36. Rd6 Ne7 37. Rxa6 Nd5 38. Ra8+ Kf7 39. Ra7+ Re7 40. Rxe7+ Kxe7 41. Bd2 Kd6 42. Kg1 Kc5 43. Kf2 Kd4 44. Ke2 c3 45. Bc1 Nf4+ 46. Kf1 Kd3 47. bxc3 Ne2 48. Ba3 Nxc3 49. Bf8 Nxa2 50. Bxg7 b4 51. Bxf6 Nc3 52. Be7 b3 53. Ba3 Kc2 0-1

[Event "ISR-chT"]
[Site "Israel"]
[Date "2020.09.15"]
[Round "11.3"]
[White "Rechlis, Gad"]
[Black "Gruenfeld, Yehuda"]
[Result "0-1"]
[WhiteElo "2498"]
[BlackElo "2432"]
[PlyCount "90"]
[EventDate "2020.01.10"]
[EventType "team-tourn"]
[EventRounds "11"]
[EventCountry "ISR"]
[SourceTitle "EXT 2021"]
[Source "ChessBase"]
[SourceDate "2020.10.23"]
[SourceVersion "1"]
[SourceVersionDate "2020.10.23"]
[SourceQuality "1"]
[WhiteTeam "Petah Tikva Hapoel"]
[BlackTeam "Ashdod A"]
[WhiteTeamCountry "ISR"]
[BlackTeamCountry "ISR"]

1. Nf3 Nf6 2. g3 b5 3. Bg2 Bb7 4. d3 d5 5. 0-0 e6 6. c4 bxc4 7. dxc4 Nbd7 8. cxd5 exd5 9. Nc3 Bb4 10. Nh4 Bxc3 11. bxc3 0-0 12. Nf5 Re8 13. c4 Nb6 14. c5 Nc4 15. Rb1 Bc8 16. Ne3 Nxe3 17. Bxe3 Ba6 18. Re1 c6 19. Bd4 Ne4 20. Qc2 Qe7 21. Rb3 Ng5 22. Qb2 Ne6 23. e3 Nxd4 24. Qxd4 Rad8 25. Reb1 h6 26. R1b2 Qc7 27. Bf1 Re4 28. Qd1 Bxf1 29. Kxf1 Qe7 30. Rc2 Qe5 31. Kg2 h5 32. Qf3 h4 33. Rcb2 Rf8 34. Rb4 a5 35. Rb7 g6 36. R2b6 Qe6 37. Rc7 h3+ 38. Kg1 Qe5 39. Rcb7 d4 40. Rb1 dxe3 41. Rf1 e2 42. Re1 Qd5 43. g4 Qe6 44. Kh1 Rd4 45. Rb3 Rd1 0-1

[Event "ISR-chT"]
[Site "Israel"]
[Date "2020.02.15"]
[Round "8.3"]
[White "Alterman, Boris"]
[Black "Gruenfeld, Yehuda"]
[Result "1-0"]
[WhiteElo "2602"]
[BlackElo "2432"]
[PlyCount "79"]
[EventDate "2020.01.10"]
[EventType "team-tourn"]
[EventRounds "11"]
[EventCountry "ISR"]
[SourceTitle "CBM 194 Extra"]
[Source "ChessBase"]
[SourceDate "2020.03.31"]
[SourceVersion "1"]
[SourceVersionDate "2020.03.31"]
[SourceQuality "1"]
[WhiteTeam "Rishon Le Zion Feldklein"]
[BlackTeam "Ashdod A"]
[WhiteTeamCountry "ISR"]
[BlackTeamCountry "ISR"]

1. Nf3 Nf6 2. c4 b6 3. g3 Bb7 4. Bg2 e6 5. 0-0 Be7 6. b3 0-0 7. Bb2 d5 8. e3 dxc4 9. bxc4 c5 10. Qe2 Nc6 11. d3 a6 12. Nc3 Qc7 13. Ng5 Na5 14. Bxb7 Qxb7 15. a4 h6 16. Nh3 Rad8 17. f4 Nc6 18. Rad1 Qc8 19. g4 e5 20. f5 Nb4 21. g5 hxg5 22. Nxg5 Qc6 23. e4 Ne8 24. Nf3 Bf6 25. Kh1 Nc7 26. Rg1 Rfe8 27. Rg3 Kf8 28. Rd2 Qd7 29. Qf1 Nc6 30. Nd5 Nxd5 31. cxd5 Nd4 32. Bxd4 cxd4 33. Qb1 Qd6 34. Rb2 Rb8 35. Nd2 Bd8 36. Nc4 Qc5 37. Rc2 Rc8 38. Na3 Qxa3 39. Rxc8 Qxa4 40. Rg2 1-0

[Event "WchT Seniors 50"]
[Site "Rhodes"]
[Date "2019.04.23"]
[Round "8.6"]
[White "Gruenfeld, Yehuda"]
[Black "Durante, Aurelio"]
[Result "1-0"]
[WhiteElo "2428"]
[BlackElo "1955"]
[PlyCount "143"]
[EventDate "2019.04.16"]
[EventType "team-swiss"]
[EventRounds "9"]
[EventCountry "GRE"]
[SourceTitle "CBM 190 Extra"]
[Source "ChessBase"]
[SourceDate "2019.07.15"]
[SourceVersion "1"]
[SourceVersionDate "2019.07.15"]
[SourceQuality "1"]
[WhiteTeam "Israel"]
[BlackTeam "Uruguay"]
[WhiteTeamCountry "ISR"]
[BlackTeamCountry "URU"]

1. e4 d5 2. exd5 Nf6 3. d4 Nxd5 4. Nf3 Bf5 5. Be2 e6 6. 0-0 Be7 7. a3 0-0 8. c4 Nb6 9. Nc3 N8d7 10. c5 Nd5 11. Nxd5 exd5 12. Qb3 b6 13. Qxd5 Be6 14. Qc6 bxc5 15. Bf4 Nb6 16. dxc5 Qd5 17. Qxc7 Bxc5 18. Rfd1 Rac8 19. Rxd5 Rxc7 20. Rd2 Rcc8 21. Ba6 Rcd8 22. Rad1 Rxd2 23. Rxd2 Nd5 24. Be5 Nb6 25. h3 Re8 26. Bd4 Be7 27. Rc2 Bd8 28. Bb5 Re7 29. Ne5 Bf5 30. Rc1 h6 31. Nc6 Rc7 32. Rc5 Bd7 33. Ne7+ Kf8 34. Rxc7 Bxc7 35. Bxd7 Nxd7 36. Nc6 a6 37. Kf1 g6 38. Ke2 Ke8 39. Kd3 Nb6 40. Be3 Kd7 41. Nb4 a5 42. Nc2 h5 43. Bd2 Na4 44. b3 Nb2+ 45. Ke4 a4 46. bxa4 Nxa4 47. Kd5 Bd6 48. Kc4 Kc6 49. Nd4+ Kb6 50. Nc2 Bc5 51. f3 Be7 52. Be3+ Ka5 53. Bd2+ Kb6 54. Bc1 Kc6 55. Nd4+ Kb6 56. Nc2 Kc6 57. Nb4+ Kd6 58. Bf4+ Ke6 59. Kb5 Nc3+ 60. Kc6 g5 61. Bc1 f5 62. Bb2 Nd1 63. Bd4 f4 64. Nc2 Bxa3 65. Nxa3 Ne3 66. g4 hxg4 67. hxg4 Nf5 68. gxf5+ Kxf5 69. Kd5 g4 70. fxg4+ Kxg4 71. Ke4 f3 72. Bf2 1-0

[Event "WchT Seniors 50"]
[Site "Rhodes"]
[Date "2019.04.21"]
[Round "6.4"]
[White "Titorenko, Natalia I"]
[Black "Gruenfeld, Yehuda"]
[Result "0-1"]
[WhiteElo "2153"]
[BlackElo "2428"]
[PlyCount "98"]
[EventDate "2019.04.16"]
[EventType "team-swiss"]
[EventRounds "9"]
[EventCountry "GRE"]
[SourceTitle "CBM 190 Extra"]
[Source "ChessBase"]
[SourceDate "2019.07.15"]
[SourceVersion "1"]
[SourceVersionDate "2019.07.15"]
[SourceQuality "1"]
[WhiteTeam "Russia (Women)"]
[BlackTeam "Israel"]
[WhiteTeamCountry "RUS"]
[BlackTeamCountry "ISR"]

1. e4 c5 2. Nf3 d6 3. d4 cxd4 4. Nxd4 Nf6 5. Nc3 a6 6. Nb3 Nc6 7. a4 g6 8. Be2 Bg7 9. Be3 0-0 10. a5 Be6 11. Bb6 Qc8 12. Nd4 Bd7 13. Nxc6 Bxc6 14. Nd5 Qe6 15. 0-0 Nxd5 16. exd5 Qxd5 17. Qxd5 Bxd5 18. c3 Bc6 19. Rfd1 Rac8 20. f3 Rfe8 21. Kf2 d5 22. f4 e6 23. h4 Bf8 24. h5 Bd7 25. hxg6 hxg6 26. Bd4 Bc5 27. Bxc5 Rxc5 28. c4 Rc7 29. b3 Bc6 30. Rd2 Kg7 31. c5 f6 32. b4 e5 33. fxe5 fxe5 34. Rb1 d4 35. b5 Rf8+ 36. Kg3 axb5 37. Bxb5 Bd5 38. Rc1 Rf5 39. a6 bxa6 40. Bxa6 Bc6 41. Rcc2 Ra7 42. Bc4 Ra3+ 43. Kh2 Rh5+ 44. Kg1 Ra1+ 45. Kf2 Rhh1 46. Be2 Rhc1 47. Bc4 Rxc2 48. Rxc2 e4 49. Rb2 Ra5 0-1

[Event "ISR-ch"]
[Site "Maalot Tarshiha"]
[Date "2018.12.19"]
[Round "8"]
[White "Aharon, Ofir"]
[Black "Gruenfeld, Yehuda"]
[Result "0-1"]
[WhiteElo "2320"]
[BlackElo "2421"]
[PlyCount "244"]
[EventDate "2018.12.12"]
[EventType "swiss"]
[EventRounds "9"]
[EventCountry "ISR"]
[SourceTitle "CBM 187 Extra"]
[Source "ChessBase"]
[SourceDate "2018.11.04"]
[SourceVersion "1"]
[SourceVersionDate "2018.11.04"]
[SourceQuality "1"]

1. e4 c5 2. Nf3 e6 3. d4 cxd4 4. Nxd4 Nc6 5. Nc3 Qc7 6. Be3 a6 7. f4 d6 8. Qf3 Nxd4 9. Bxd4 Ne7 10. Bd3 Nc6 11. Be3 Be7 12. 0-0 0-0 13. a3 b5 14. Qh5 g6 15. Qh3 Qd8 16. Rad1 Rb8 17. b4 Rb7 18. Be2 f5 19. Bf3 Qc7 20. exf5 gxf5 21. Ne2 Bf6 22. Ng3 Rf7 23. Nh5 Bh8 24. Qg3+ Kf8 25. Kh1 Ne7 26. Qg5 Rb6 27. Rf2 d5 28. Bxb6 Qxb6 29. Re2 Ng8 30. Qh4 Qd6 31. Qe1 Re7 32. Qd2 Qc7 33. Re3 Qc4 34. Be2 Qc6 35. Bf3 Rc7 36. Qe1 Re7 37. Ng3 Qc7 38. Ne2 Qc4 39. Qh4 Bf6 40. Qf2 Nh6 41. c3 Nf7 42. Nd4 Nd6 43. Qe2 Qxe2 44. Rxe2 Ne4 45. Bxe4 fxe4 46. Re3 h5 47. Kg1 Kf7 48. Kf2 Rc7 49. g3 Bd7 50. Ke1 Rc8 51. Rd2 Ke7 52. Kd1 Rc4 53. Kc2 a5 54. bxa5 Ra4 55. Kb3 Rxa5 56. Nc2 Ra8 57. Nb4 Rc8 58. Rd1 Rc4 59. h3 Kf7 60. g4 h4 61. Rf1 Rc5 62. Nc2 Rc8 63. Rd1 Rc7 64. Rf1 Rc4 65. Nb4 Rc5 66. Rd1 Bc8 67. Rd2 Bb7 68. Nc2 Bc8 69. Nd4 Bd7 70. Rg2 Rc4 71. Nc2 Rc8 72. Nb4 Bg7 73. Rd2 Rc5 74. Nc2 Rc8 75. Ne1 Ke7 76. Ng2 Rh8 77. Kb2 Bc6 78. Rd1 Bb7 79. Kb3 Bc6 80. Ne1 Rf8 81. Ng2 Rh8 82. Re2 Bd7 83. Rc1 Bc6 84. Rf1 Bd7 85. Rc2 Kd6 86. Rd1 Rc8 87. Rh1 Rh8 88. Rd1 Rc8 89. Rh1 Rh8 90. Rf1 Rf8 91. Ne3 Bh6 92. Rcf2 Rc8 93. Nd1 Bg7 94. Re2 Ke7 95. Rc2 Rf8 96. Ne3 Kd6 97. Rff2 Rh8 98. f5 Bh6 99. fxe6 Bxe3 100. exd7 Bxf2 101. Rxf2 Kxd7 102. Kb4 Kd6 103. Rf6+ Ke5 104. Rf5+ Ke6 105. Kxb5 Rc8 106. Kb4 e3 107. Rf1 Ke5 108. a4 Ke4 109. a5 e2 110. Ra1 Rf8 111. Re1 Kd3 112. a6 Kd2 113. Rxe2+ Kxe2 114. Kc5 Rc8+ 115. Kb6 Rxc3 116. a7 Rb3+ 117. Kc6 Ra3 118. Kb7 d4 119. g5 d3 120. g6 d2 121. g7 d1Q 122. g8Q Qd7+ 0-1

[Event "ISR-ch"]
[Site "Maalot Tarshiha"]
[Date "2018.12.18"]
[Round "7"]
[White "Gruenfeld, Yehuda"]
[Black "Zanan, Evgeny"]
[Result "0-1"]
[WhiteElo "2421"]
[BlackElo "2521"]
[PlyCount "62"]
[EventDate "2018.12.12"]
[EventType "swiss"]
[EventRounds "9"]
[EventCountry "ISR"]
[SourceTitle "CBM 187 Extra"]
[Source "ChessBase"]
[SourceDate "2018.11.04"]
[SourceVersion "1"]
[SourceVersionDate "2018.11.04"]
[SourceQuality "1"]

1. e4 c5 2. Nf3 d6 3. d4 cxd4 4. Nxd4 Nf6 5. Nc3 a6 6. Bg5 e6 7. f4 h6 8. Bh4 Qb6 9. a3 Be7 10. Bf2 Qc7 11. Qf3 Nbd7 12. 0-0-0 b5 13. Kb1 Rb8 14. Nb3 b4 15. axb4 Rxb4 16. Rd4 Rxd4 17. Bxd4 Bb7 18. Bd3 0-0 19. g4 e5 20. Be3 d5 21. g5 d4 22. gxf6 Bxf6 23. Nd5 Bxd5 24. exd5 dxe3 25. Qe4 Rb8 26. fxe5 Nxe5 27. Bxa6 Qa7 28. Be2 Ra8 29. c3 Qa2+ 30. Kc2 Rb8 31. Bc4 Qa4 0-1